| 000 | 00478 a2200145 4500 | ||
|---|---|---|---|
| 020 | _a1853262544 (paperback) | ||
| 020 | _a9781853262548 (paperback) | ||
| 090 |
_c4574 _d4574 |
||
| 100 | 1 | _aShakespeare, William. | |
| 245 | 1 | 0 |
_aMuch ado about nothing / _cWilliam Shakespeare. |
| 260 |
_a[S.l.] : _bWordsworth Editions, _c1111. |
||
| 300 | _a1 v. (unpaged) | ||
| 856 | 4 | 0 |
_3Amazon.com _uhttp://www.amazon.com/exec/obidos/ASIN/B003X82H70/chopaconline-20 |
| 942 |
_aNBS _cBK _k822 SHA |
||
| 999 |
_c347016 _d347016 |
||